| 000 | 00674nam a22002177a 4500 | ||
|---|---|---|---|
| 999 |
_c1652 _d1652 |
||
| 003 | AR-CdUCM | ||
| 008 | 190227b ||||| |||| 00| 0 spa d | ||
| 040 |
_aMUNICIPALIDAD PROVINCIAL DEL CUSCO _cBIBLIOTECA MUNICIPAL DEL CUSCO |
||
| 082 |
_a896.01 / _bD58 |
||
| 100 |
_adel Solar Cespedes, Jose Augusto _96149 |
||
| 245 |
_aEsplendor destelar / _cdel Solar Cespedes, Jose Augusto |
||
| 260 |
_aTrujillo : _bGraficart, _c2006. |
||
| 300 |
_a112 paginas ; _c25cm. |
||
| 500 | _aPoemas | ||
| 650 |
_aPoesia _91598 |
||
| 650 |
_aLiteratura _983 |
||
| 650 |
_aPeru _9429 |
||
| 700 |
_adel Solar Cespedes, Jose Augusto _96149 |
||
| 942 |
_2ddc _cLIBROS |
||
| 945 |
_apjha _d2019-02-27 |
||